000 01155nam a22002897a 4500
003 DO-SdBNP
005 20180312131837.0
008 160511b 2003 dr00| 0 spa d
020 _a9993404039
040 _aBPMSU
_bspa
_cBPMSU
082 4 _a374.83
_bP927e 3ro. 2003
245 _aPrepara educación de adultos :
_b3ro. bachillerato /
_cManuel García Cartagena ... [et al.] ; dirección editorial Obdulia García de Escobar
260 _aSanto Domingo :
_bSecretaría de Estado de Educación ;
_bSantillana ;
_c2003.
300 _a143 p. :
_bil. ;
_c28 cm.
490 1 _aSantillana adultos
650 4 _aENSEÑANZA SECUNDARIA
_zREPÚBLICA DOMINICANA
650 4 _aEDUCACIÓN SECUNDARIA DE ADULTOS
_zREPÚBLICA DOMINICANA
650 4 _aEDUCACIÓN SECUNDARIA DE ADULTOS
_xLIBROS DE TEXTOS
650 4 _aEDUCACIÓN SECUNDARIA DE ADULTOS
_xESTUDIOS Y EJERCICIOS
700 1 2 _aGarcía Cartagena, Manuel.
700 1 _aGarcía de Escobar, Obdulia,
_eed.
830 0 _aSantillana adultos
910 _aValidado. Control de calidad MFF
942 _2ddc
_cBK
945 _aRemanejada para la BNPHU 2018 / BT
956 _aBTAVÁREZ
_b10
_d20160609
_fBPMSU
_h0038
999 _c10087
_d10087